[Event "SWE-ch Blitz"]
[Site "Stockholm"]
[Date "2023.01.01"]
[Round "5"]
[White "Berovski, Krum"]
[Black "Horvath, Dominik"]
[Result "0-1"]
[WhiteElo "2351"]
[BlackElo "2501"]
[PlyCount "54"]
[EventDate "2023.01.01"]
[EventType "swiss (blitz)"]
[EventRounds "13"]
[EventCountry "SWE"]
[SourceTitle "CBM 211 Extra"]
[Source "ChessBase"]
[SourceDate "2023.01.31"]
[SourceVersion "1"]
[SourceVersionDate "2023.01.31"]
[SourceQuality "1"]

1. d4 Nf6 2. c4 e6 3. Nc3 d5 4. cxd5 exd5 5. Bg5 Bb4 6. e3 h6 7. Bxf6 Qxf6 8. Nf3 c6 9. Be2 0-0 10. 0-0 Bd6 11. e4 dxe4 12. Nxe4 Qd8 13. Nxd6 Qxd6 14. h3 Nd7 15. Bc4 Nb6 16. Bb3 Be6 17. Bc2 Rad8 18. Qd3 g6 19. Rfe1 Nd5 20. a3 Nf4 21. Qe3 Bd5 22. h4 Qf6 23. Qe5 Qxe5 24. dxe5 Bxf3 25. gxf3 Rd2 26. Be4 Nh3+ 27. Kg2 Nxf2 0-1

[Event "SWE-ch Blitz"]
[Site "Stockholm"]
[Date "2023.01.01"]
[Round "3"]
[White "Berovski, Krum"]
[Black "Seo, Jung Min"]
[Result "1-0"]
[WhiteElo "2351"]
[BlackElo "2516"]
[PlyCount "72"]
[EventDate "2023.01.01"]
[EventType "swiss (blitz)"]
[EventRounds "13"]
[EventCountry "SWE"]
[SourceTitle "CBM 211 Extra"]
[Source "ChessBase"]
[SourceDate "2023.01.31"]
[SourceVersion "1"]
[SourceVersionDate "2023.01.31"]
[SourceQuality "1"]

1. d4 Nf6 2. c4 d6 3. Nf3 Nbd7 4. Nc3 e5 5. e4 Be7 6. Be2 0-0 7. 0-0 c6 8. Re1 Re8 9. Bf1 Bf8 10. d5 a5 11. b3 Nc5 12. Rb1 Bd7 13. a3 cxd5 14. cxd5 g6 15. b4 axb4 16. axb4 Na4 17. Nxa4 Bxa4 18. Qd3 Rc8 19. Rb2 Bd7 20. b5 Bg4 21. h3 Bxf3 22. Qxf3 Nd7 23. h4 Qxh4 24. g3 Qe7 25. Bh3 Ra8 26. Bxd7 Qxd7 27. b6 Rec8 28. Kg2 f5 29. Bg5 Rc4 30. exf5 Qxf5 31. Qxf5 gxf5 32. Rh1 Rc5 33. Be3 Rcc8 34. Rh5 Ra5 35. Rd2 Be7 36. Rxf5 Rf8 1-0

[Event "SWE-chT 1819 Superettan"]
[Site "Sweden"]
[Date "2019.03.30"]
[Round "8"]
[White "Berovski, Krum"]
[Black "Agrest, Inna"]
[Result "1-0"]
[WhiteElo "2346"]
[BlackElo "2275"]
[PlyCount "119"]
[EventDate "2018.11.09"]
[EventType "team-tourn"]
[EventRounds "9"]
[EventCountry "SWE"]
[SourceTitle "EXT 2020"]
[Source "ChessBase"]
[SourceDate "2019.10.17"]
[SourceVersion "1"]
[SourceVersionDate "2019.10.17"]
[SourceQuality "1"]
[WhiteTeam "Stockholm Rockaden II"]
[BlackTeam "Alingsas"]
[WhiteTeamCountry "SWE"]
[BlackTeamCountry "SWE"]

1. d4 Nf6 2. c4 g6 3. Nc3 Bg7 4. e4 d6 5. Nf3 0-0 6. Be2 Na6 7. 0-0 e5 8. d5 Nc5 9. Qc2 a5 10. Ne1 Ne8 11. Nd3 f5 12. Nxc5 dxc5 13. exf5 gxf5 14. Be3 Qe7 15. f4 Ra6 16. fxe5 Bxe5 17. Qd2 Rg6 18. Bf4 Bd4+ 19. Kh1 Nd6 20. Bd3 Qg7 21. Rae1 h5 22. Qc2 h4 23. Rf3 h3 24. Rxh3 Ne4 25. Rf3 Rg4 26. Ref1 Nxc3 27. bxc3 Bxc3 28. Bxc7 Be5 29. Bxe5 Qxe5 30. Qf2 b6 31. h3 Rg5 32. Qe3 Qg7 33. g4 Bd7 34. Bxf5 Re8 35. Qf2 Bxf5 36. gxf5 Qf6 37. Re3 Re5 38. Rxe5 Qxe5 39. Qf4 Qxf4 40. Rxf4 Kf7 41. Rf3 Kf6 42. d6 Rg8 43. Rd3 Kxf5 44. d7 Rd8 45. Kg2 b5 46. cxb5 c4 47. Rd1 c3 48. b6 c2 49. Rc1 Rxd7 50. Rxc2 Rg7+ 51. Kh2 Rb7 52. Rb2 a4 53. a3 Ke5 54. h4 Kd6 55. Kg3 Kc6 56. Kh3 Kd7 57. h5 Kc6 58. Kh4 Rb8 59. b7 Kc5 60. h6 1-0

[Event "SWE-chT 1819 Superettan"]
[Site "Sweden"]
[Date "2019.03.29"]
[Round "7"]
[White "Berovski, Krum"]
[Black "Welin, Mats Erik Thomas"]
[Result "1/2-1/2"]
[WhiteElo "2346"]
[BlackElo "2328"]
[PlyCount "119"]
[EventDate "2018.11.09"]
[EventType "team-tourn"]
[EventRounds "9"]
[EventCountry "SWE"]
[SourceTitle "EXT 2020"]
[Source "ChessBase"]
[SourceDate "2019.10.17"]
[SourceVersion "1"]
[SourceVersionDate "2019.10.17"]
[SourceQuality "1"]
[WhiteTeam "Stockholm Rockaden II"]
[BlackTeam "Manhem"]
[WhiteTeamCountry "SWE"]
[BlackTeamCountry "SWE"]

1. d4 Nf6 2. c4 e6 3. Nc3 Bb4 4. e3 0-0 5. Nge2 d5 6. a3 Be7 7. Ng3 c5 8. dxc5 Bxc5 9. b4 Bd6 10. Bb2 Nc6 11. Be2 dxc4 12. Bxc4 a6 13. 0-0 b5 14. Be2 Bb7 15. Qb3 Rc8 16. Rfd1 Qe7 17. Bf3 Bxg3 18. hxg3 Ne5 19. Bxb7 Qxb7 20. Nd5 Nxd5 21. Bxe5 Rc4 22. Qd3 Qc6 23. Rd2 h6 24. e4 Nc3 25. f3 Rc8 26. g4 a5 27. Kh2 f6 28. Bxc3 Rxc3 29. Qd6 a4 30. e5 fxe5 31. Qxe5 Qc7 32. Re2 Kf7 33. f4 Qxe5 34. Rxe5 Rb8 35. f5 exf5 36. gxf5 Rb7 37. Rd5 h5 38. g3 Kf6 39. Kh3 Rf3 40. Kh4 Rxf5 41. Rxf5+ Kxf5 42. Kxh5 g6+ 43. Kh6 g5 44. Rc1 Kg4 45. Rc5 Rb6+ 46. Kg7 Rb7+ 47. Kf6 Rb6+ 48. Ke7 Rh6 49. Rxb5 Rh3 50. Kf6 Kxg3 51. Rxg5+ Kf4 52. Ra5 Rxa3 53. Ke6 Ke4 54. b5 Kd3 55. Kd5 Rb3 56. Kc6 Rc3+ 57. Kb7 a3 58. b6 Kc2 59. Ka7 Rb3 60. b7 1/2-1/2

[Event "SWE-chT 1819 Superettan"]
[Site "Sweden"]
[Date "2019.02.02"]
[Round "5"]
[White "Berovski, Krum"]
[Black "Persson, Mats"]
[Result "1/2-1/2"]
[WhiteElo "2346"]
[BlackElo "2283"]
[PlyCount "43"]
[EventDate "2018.11.09"]
[EventType "team-tourn"]
[EventRounds "9"]
[EventCountry "SWE"]
[SourceTitle "EXT 2020"]
[Source "ChessBase"]
[SourceDate "2019.10.17"]
[SourceVersion "1"]
[SourceVersionDate "2019.10.17"]
[SourceQuality "1"]
[WhiteTeam "Stockholm Rockaden II"]
[BlackTeam "Burgsvik Alva"]
[WhiteTeamCountry "SWE"]
[BlackTeamCountry "SWE"]

1. d4 Nf6 2. c4 e6 3. Nc3 Bb4 4. e3 b6 5. Bd3 Bb7 6. Nge2 0-0 7. a3 Bxc3+ 8. Nxc3 d5 9. 0-0 dxc4 10. Bxc4 Nbd7 11. b4 c5 12. bxc5 bxc5 13. Rb1 cxd4 14. Qxd4 Nb6 15. Ba2 Qxd4 16. exd4 Ba6 17. Rd1 Nfd5 18. Nxd5 Nxd5 19. Bxd5 exd5 20. Bf4 Rfe8 21. Bd6 Bc4 22. Re1 1/2-1/2

[Event "SWE-chT 1819 Superettan"]
[Site "Sweden"]
[Date "2018.11.11"]
[Round "3"]
[White "Berovski, Krum"]
[Black "Lindberg, Bengt"]
[Result "1/2-1/2"]
[WhiteElo "2346"]
[BlackElo "2390"]
[PlyCount "71"]
[EventDate "2018.11.09"]
[EventType "team-tourn"]
[EventRounds "9"]
[EventCountry "SWE"]
[SourceTitle "EXT 2020"]
[Source "ChessBase"]
[SourceDate "2019.10.17"]
[SourceVersion "1"]
[SourceVersionDate "2019.10.17"]
[SourceQuality "1"]
[WhiteTeam "Stockholm Rockaden II"]
[BlackTeam "Vaxjo"]
[WhiteTeamCountry "SWE"]
[BlackTeamCountry "SWE"]

1. d4 Nf6 2. c4 e6 3. Nc3 Bb4 4. e3 0-0 5. Nge2 Re8 6. a3 Bf8 7. Ng3 d5 8. cxd5 exd5 9. Bd3 c5 10. dxc5 Bxc5 11. 0-0 Nc6 12. b4 Bd6 13. Bb2 Be5 14. Na4 Bxb2 15. Nxb2 d4 16. b5 Na5 17. exd4 Bg4 18. Be2 Be6 19. Bf3 Nb3 20. Bxb7 Rb8 21. Bc6 Nxa1 22. Bxe8 Qxe8 23. Qxa1 Qxb5 24. Nd1 h5 25. h4 Qa5 26. Ne3 Rb3 27. Qd1 Rxa3 28. d5 Bg4 29. Nxg4 hxg4 30. d6 Ra2 31. Qd4 Rd2 32. Qf4 Rd5 33. Rc1 Qd2 34. Qxd2 Rxd2 35. Rc8+ Kh7 36. Ra8 1/2-1/2

[Event "Hasselbacken op"]
[Site "Stockholm"]
[Date "2016.05.07"]
[Round "8"]
[White "Tuomainen, Felix"]
[Black "Berovski, Krum"]
[Result "1/2-1/2"]
[WhiteElo "2205"]
[BlackElo "2339"]
[PlyCount "60"]
[EventDate "2016.04.30"]
[EventType "swiss"]
[EventRounds "9"]
[EventCountry "SWE"]
[SourceTitle "CBM 172 Extra"]
[Source "ChessBase"]
[SourceDate "2016.06.21"]
[SourceVersion "1"]
[SourceVersionDate "2016.06.21"]
[SourceQuality "1"]

1. d4 Nf6 2. c4 e6 3. Nc3 Bb4 4. Qc2 0-0 5. a3 Bxc3+ 6. Qxc3 b6 7. Bg5 Bb7 8. e3 d6 9. Ne2 Nbd7 10. Rd1 Ne4 11. Bxd8 Nxc3 12. Nxc3 Rfxd8 13. f3 Kf8 14. Kf2 Ke7 15. Bd3 h5 16. Rhe1 g5 17. Be4 Bxe4 18. Nxe4 Rg8 19. g3 f5 20. Nc3 Nf6 21. e4 fxe4 22. Nxe4 Raf8 23. Kg2 Kd7 24. Re3 h4 25. Rde1 Nh5 26. Nc3 Rg6 27. Ne4 Rh8 28. R3e2 hxg3 29. hxg3 Nf6 30. Nxf6+ Rxf6 1/2-1/2

[Event "Hasselbacken op"]
[Site "Stockholm"]
[Date "2016.05.06"]
[Round "7"]
[White "Berovski, Krum"]
[Black "Postny, Evgeny"]
[Result "0-1"]
[WhiteElo "2339"]
[BlackElo "2673"]
[PlyCount "90"]
[EventDate "2016.04.30"]
[EventType "swiss"]
[EventRounds "9"]
[EventCountry "SWE"]
[SourceTitle "CBM 172 Extra"]
[Source "ChessBase"]
[SourceDate "2016.06.21"]
[SourceVersion "1"]
[SourceVersionDate "2016.06.21"]
[SourceQuality "1"]

1. d4 Nf6 2. c4 e6 3. Nc3 Bb4 4. e3 Bxc3+ 5. bxc3 b6 6. Bd3 Bb7 7. f3 d6 8. Ne2 e5 9. e4 Nc6 10. 0-0 Qe7 11. Be3 Nd7 12. Qc1 Na5 13. Qc2 0-0-0 14. Nc1 f5 15. d5 f4 16. Bf2 Ba8 17. Qa4 Kb8 18. Nb3 Nb7 19. Rab1 Nbc5 20. Nxc5 Nxc5 21. Qd1 Bb7 22. Bc2 g5 23. Ba4 Rhg8 24. Bc6 g4 25. Bxb7 Nxb7 26. fxg4 Qg5 27. Qf3 Qxg4 28. Kh1 Qd7 29. Rb4 Rg6 30. Rg1 Rdg8 31. a4 Qg7 32. Rb5 a6 33. Rb2 a5 34. Rb5 Ka7 35. Qh3 Rg4 36. Qf3 Qh6 37. Rb2 Nc5 38. Bxc5 dxc5 39. Rc2 Rg3 40. Qd1 R8g4 41. h3 f3 42. Rf2 fxg2+ 43. Rgxg2 Rxh3+ 44. Rh2 Rxe4 45. d6 Reh4 0-1

[Event "SWE-chT 1516 Superettan"]
[Site "Sweden"]
[Date "2016.03.20"]
[Round "9"]
[White "Berovski, Krum"]
[Black "Rydstrom, Tom"]
[Result "1-0"]
[WhiteElo "2316"]
[BlackElo "2334"]
[PlyCount "81"]
[EventDate "2015.11.06"]
[EventType "team-tourn"]
[EventRounds "9"]
[EventCountry "SWE"]
[SourceTitle "EXT 2018"]
[Source "ChessBase"]
[SourceDate "2017.10.13"]
[SourceVersion "1"]
[SourceVersionDate "2017.10.13"]
[SourceQuality "1"]
[WhiteTeam "Stockholm Rockaden II"]
[BlackTeam "Vaxjo"]
[WhiteTeamCountry "SWE"]
[BlackTeamCountry "SWE"]

1. d4 d5 2. c4 c6 3. cxd5 cxd5 4. Nc3 Nc6 5. Bf4 Nf6 6. e3 e6 7. Nf3 Be7 8. h3 0-0 9. Bd3 Bd7 10. 0-0 Rc8 11. Rc1 Na5 12. Ne5 Be8 13. Qe2 Nd7 14. Nb5 Nxe5 15. Rxc8 Qxc8 16. Bxe5 Nc6 17. Rc1 Qd7 18. Bg3 f6 19. a3 Bf7 20. Nxa7 Nxa7 21. Rc7 Qd8 22. Rxb7 Nc6 23. Bxh7+ Kh8 24. Bb1 Be8 25. b4 Qa8 26. Rb6 f5 27. b5 Qd8 28. Ra6 Na5 29. Rxe6 Bxa3 30. Ra6 Bb4 31. b6 Qc8 32. Bd3 Nc4 33. Bxc4 dxc4 34. Ra7 Qc6 35. b7 Bd6 36. b8Q Bxb8 37. Bxb8 Qb6 38. Ra8 c3 39. Be5 Bc6 40. Ra6 Qd8 41. Ra2 1-0

[Event "SWE-chT 0910"]
[Site "Sweden"]
[Date "2009.12.05"]
[Round "5"]
[White "Berovski, Krum"]
[Black "Engman, Rikard"]
[Result "1-0"]
[WhiteElo "2312"]
[BlackElo "2173"]
[PlyCount "155"]
[EventDate "2009.10.16"]
[EventType "team"]
[EventRounds "11"]
[EventCountry "SWE"]
[SourceTitle "EXT 2011"]
[Source "ChessBase"]
[SourceDate "2010.11.26"]
[SourceVersion "1"]
[SourceVersionDate "2010.11.26"]
[SourceQuality "1"]
[WhiteTeam "Stockholm Rockaden"]
[BlackTeam "Umea Rockaden"]
[WhiteTeamCountry "SWE"]
[BlackTeamCountry "SWE"]

1. d4 Nf6 2. c4 e6 3. Nc3 Bb4 4. e3 b6 5. Bd3 Bb7 6. Nge2 Bxg2 7. Rg1 Be4 8. a3 Bxc3+ 9. Nxc3 Bxd3 10. Qxd3 0-0 11. e4 Ne8 12. Be3 d6 13. 0-0-0 Nc6 14. f4 Ne7 15. d5 Qd7 16. e5 Rd8 17. Ne4 Nf5 18. exd6 cxd6 19. Bd2 Rc8 20. Bc3 Qa4 21. Nd2 a6 22. dxe6 fxe6 23. Qe4 Qd7 24. Nf3 b5 25. cxb5 axb5 26. Ng5 Nc7 27. Nxh7 Kxh7 28. Rxg7+ Qxg7 29. Bxg7 Kxg7 30. Kb1 Kf7 31. Qb7 Ke7 32. Rc1 Kd7 33. Qc6+ Ke7 34. Qb6 Kd7 35. Qb7 Ne7 36. Qe4 Rf7 37. h4 Rcf8 38. Qb7 Ned5 39. Qc6+ Ke7 40. Qb7 Kd7 41. Qc6+ Ke7 42. Qb7 Kd8 43. h5 Rxf4 44. h6 Rf1 45. Rxf1 Rxf1+ 46. Ka2 Ke7 47. Qb8 Rf8 48. Qa7 e5 49. Qg1 Nf6 50. Qh2 Kd7 51. Qg1 Rf7 52. Qg6 Ke7 53. Qc2 Ne6 54. Qc6 Nd4 55. Qb7+ Ke6 56. Qc8+ Rd7 57. Qc3 Kf5 58. Qd2 Kg6 59. Qc1 d5 60. Qg1+ Kh7 61. Qg5 Rf7 62. Qxe5 Nc6 63. Qe6 Nd8 64. Qb6 Nb7 65. Qxb5 Kxh6 66. a4 Rd7 67. a5 Kg7 68. a6 Nd8 69. Qb6 Ne8 70. a7 Nc7 71. Qxc7 Rxc7 72. a8Q Rd7 73. Qc8 Rd6 74. Qh3 Kf8 75. b4 d4 76. Qd3 Nc6 77. Kb3 Ne5 78. Qf5+ 1-0

[Event "BUL-chT2 58th"]
[Site "Borovetz"]
[Date "2008.10.02"]
[Round "2.6"]
[White "Asparuhov, Parvan"]
[Black "Berovski, Krum"]
[Result "0-1"]
[WhiteElo "2124"]
[BlackElo "2316"]
[PlyCount "72"]
[EventDate "2008.10.01"]
[EventType "team-swiss"]
[EventRounds "7"]
[EventCountry "BUL"]
[SourceTitle "CBM 126 Extra"]
[Source "ChessBase"]
[SourceDate "2008.11.05"]
[SourceVersion "1"]
[SourceVersionDate "2008.11.05"]
[SourceQuality "1"]

1. e4 e6 2. d4 d5 3. Nd2 c5 4. exd5 exd5 5. Ngf3 a6 6. dxc5 Bxc5 7. Nb3 Ba7 8. Be2 Nf6 9. 0-0 0-0 10. c3 Nc6 11. Nbd4 Re8 12. Re1 Qd6 13. h3 Bb8 14. Be3 Rxe3 15. fxe3 Bxh3 16. Bf1 Bg4 17. Qc2 Ne4 18. Bd3 f5 19. Rf1 Qh6 20. Rfe1 Bg3 21. Re2 Qh5 22. Rf1 Rd8 23. Qb3 Nxd4 24. exd4 b5 25. a4 Bh2+ 26. Nxh2 Bxe2 27. Bxe2 Qxe2 28. Nf3 Qe3+ 29. Kh2 Rd6 30. g3 Rh6+ 31. Kg2 Qe2+ 32. Kg1 Rh1+ 33. Kxh1 Qxf1+ 34. Ng1 Nf2+ 35. Kh2 Ng4+ 36. Kh1 Ne3 0-1

[Event "BUL-chT2 58th"]
[Site "Borovetz"]
[Date "2008.10.01"]
[Round "1.4"]
[White "Berovski, Krum"]
[Black "Minchev, Valentin Panoiotov"]
[Result "1-0"]
[WhiteElo "2316"]
[BlackElo "2172"]
[PlyCount "80"]
[EventDate "2008.10.01"]
[EventType "team-swiss"]
[EventRounds "7"]
[EventCountry "BUL"]
[SourceTitle "CBM 126 Extra"]
[Source "ChessBase"]
[SourceDate "2008.11.05"]
[SourceVersion "1"]
[SourceVersionDate "2008.11.05"]
[SourceQuality "1"]

1. d4 d5 2. c4 c6 3. Nc3 Nf6 4. e3 g6 5. Nf3 Bg7 6. a4 0-0 7. a5 Na6 8. Qb3 Nc7 9. Be2 Rb8 10. 0-0 Be6 11. Qa4 dxc4 12. Bxc4 Nfd5 13. Be2 Qd6 14. e4 Nxc3 15. bxc3 Rfe8 16. g3 Bg4 17. Bf4 Qd8 18. Rfd1 Qc8 19. Qc4 Bxf3 20. Bxf3 e5 21. dxe5 Bxe5 22. Bxe5 Rxe5 23. Qd4 Qe8 24. Qxa7 Nb5 25. Qe3 f5 26. c4 fxe4 27. Bg4 Nc7 28. Rd7 Ne6 29. Rad1 Nc5 30. Rc7 Na6 31. Rcd7 Nc5 32. R7d6 Qe7 33. a6 bxa6 34. Rxc6 Rf8 35. Rd5 Nd3 36. Rd7 Qb4 37. Rxd3 exd3 38. Qxe5 Qb1+ 39. Kg2 h5 40. Rxg6+ Kf7 1-0

[Event "BUL-ch"]
[Site "Sofia"]
[Date "1996.??.??"]
[Round "1"]
[White "Berovski, Krum"]
[Black "Spassov, Liuben"]
[Result "1-0"]
[WhiteElo "2325"]
[BlackElo "2440"]
[PlyCount "96"]
[EventDate "1996.??.??"]
[EventType "k.o."]
[EventRounds "5"]
[EventCountry "BUL"]
[SourceTitle "EXT 1999"]
[Source "ChessBase"]
[SourceDate "1998.11.16"]
[SourceVersion "1"]
[SourceVersionDate "1998.11.16"]
[SourceQuality "1"]

1. d4 Nf6 2. c4 e6 3. Nc3 Bb4 4. e3 b6 5. Bd3 Bb7 6. Nge2 c5 7. a3 Ba5 8. 0-0 Bxc3 9. Nxc3 cxd4 10. exd4 d5 11. Bg5 dxc4 12. Bxc4 0-0 13. Qd2 Nbd7 14. Ba2 Re8 15. Rfe1 a6 16. Rac1 Rc8 17. h3 b5 18. d5 exd5 19. Nxd5 Rxe1+ 20. Qxe1 Bxd5 21. Bxd5 Rxc1 22. Qxc1 h6 23. Bxf6 Nxf6 24. Bf3 Qd4 25. Qc3 Qxc3 26. bxc3 Nd7 27. Kf1 Kf8 28. Ke2 Ke7 29. Bd5 f6 30. Ke3 Kd6 31. Kd4 g5 32. g3 h5 33. c4 bxc4 34. Bxc4 a5 35. Ke4 h4 36. gxh4 gxh4 37. Kf5 Ne5 38. Bb5 Ke7 39. f4 Nf3 40. Kg4 Nd4 41. Bd3 Ne6 42. f5 Nc5 43. Bc2 Kf7 44. Kxh4 Kg7 45. Kg4 Kh6 46. Kf4 Nb7 47. Ke4 Kg5 48. Kd5 a4 1-0

[Event "BUL-ch"]
[Site "Bulgaria"]
[Date "1995.??.??"]
[Round "?"]
[White "Berovski, Krum"]
[Black "Ninov, Nikolai"]
[Result "1/2-1/2"]
[WhiteElo "2300"]
[BlackElo "2435"]
[PlyCount "91"]
[EventDate "1995.??.??"]
[EventType "swiss"]
[EventRounds "13"]
[EventCountry "BUL"]
[SourceTitle "EXT 1997"]
[Source "ChessBase"]
[SourceDate "1996.11.15"]
[SourceVersion "1"]
[SourceVersionDate "1996.11.15"]
[SourceQuality "1"]

1. d4 d5 2. c4 e6 3. Nc3 c6 4. e3 Nd7 5. Nf3 Ngf6 6. Bd3 Bd6 7. 0-0 0-0 8. e4 dxe4 9. Nxe4 Nxe4 10. Bxe4 c5 11. Bc2 cxd4 12. Qd3 f5 13. Qxd4 Bc5 14. Qc3 Qc7 15. a3 a5 16. Re1 Nf6 17. Be3 Ng4 18. Bxc5 Qxc5 19. Re2 Rd8 20. h3 Nf6 21. Rae1 Ra6 22. Re5 Qc7 23. Ng5 h6 24. Nxe6 Bxe6 25. Rxe6 Ne4 26. Qe5 Qxe5 27. Rxe5 Rd2 28. Bb1 Rxb2 29. Rxf5 Nf6 30. Rb5 Rb6 31. Bd3 R6xb5 32. cxb5 Kf8 33. Bc4 Rc2 34. Bb3 Rc3 35. Re3 Rxe3 36. fxe3 Ke7 37. a4 Kd6 38. Kf2 b6 39. Kf3 Ke5 40. h4 g5 41. hxg5 hxg5 42. Bf7 Kd6 43. Ke2 Ke5 44. Kd3 Ne4 45. Bb3 Nc5+ 46. Kc4 1/2-1/2

[Event "Hallsberg op 9293 U18"]
[Site "Hallsberg"]
[Date "1993.??.??"]
[Round "?"]
[White "Berovski, Krum"]
[Black "Solbrand, Stefan"]
[Result "1/2-1/2"]
[WhiteElo "2280"]
[BlackElo "2305"]
[PlyCount "51"]
[EventDate "1992.??.??"]
[EventType "swiss"]
[EventRounds "9"]
[EventCountry "SWE"]
[SourceTitle "EXT 1997"]
[Source "ChessBase"]
[SourceDate "1996.11.15"]
[SourceVersion "1"]
[SourceVersionDate "1996.11.15"]
[SourceQuality "1"]

1. d4 e6 2. c4 f5 3. g3 Nf6 4. Bg2 Bb4+ 5. Bd2 Bxd2+ 6. Nxd2 0-0 7. Ngf3 d5 8. 0-0 c6 9. Ne5 Nbd7 10. Ndf3 Nxe5 11. Nxe5 Bd7 12. Qb3 Qb6 13. e3 Qxb3 14. axb3 Be8 15. Ra3 Nd7 16. Nd3 a6 17. c5 Bh5 18. f3 Rae8 19. Ne5 Nxe5 20. dxe5 Rd8 21. Ra4 Rd7 22. Rd1 g5 23. Rdd4 Rff7 24. Rd2 Rg7 25. Rad4 g4 26. f4 1/2-1/2

[Event "Hallsberg op 9293 U18"]
[Site "Hallsberg"]
[Date "1993.??.??"]
[Round "?"]
[White "Eriksson, Johan"]
[Black "Berovski, Krum"]
[Result "1/2-1/2"]
[WhiteElo "2200"]
[BlackElo "2280"]
[PlyCount "99"]
[EventDate "1992.??.??"]
[EventType "swiss"]
[EventRounds "9"]
[EventCountry "SWE"]
[SourceTitle "EXT 1997"]
[Source "ChessBase"]
[SourceDate "1996.11.15"]
[SourceVersion "1"]
[SourceVersionDate "1996.11.15"]
[SourceQuality "1"]

1. d4 Nf6 2. c4 e6 3. Nc3 Bb4 4. e3 0-0 5. a3 Bxc3+ 6. bxc3 c5 7. Bd3 Nc6 8. Ne2 b6 9. e4 Ne8 10. 0-0 Ba6 11. f4 f5 12. Ng3 fxe4 13. Nxe4 cxd4 14. Bb2 Nf6 15. Qc2 h6 16. cxd4 d5 17. Nxf6+ Qxf6 18. Rae1 Na5 19. cxd5 Bxd3 20. Qxd3 exd5 21. Qf3 Rad8 22. f5 Nc4 23. Bc3 a5 24. Qg4 Kh7 25. a4 Rde8 26. Qf4 Re7 27. Re5 Nxe5 28. dxe5 Qg5 29. Qf3 Ref7 30. f6 gxf6 31. exf6 Re8 32. Bd4 Rg8 33. h4 Qg4 34. Qf2 Rg6 35. Kh2 Rg8 36. Re1 Qg6 37. Re6 b5 38. axb5 a4 39. Ra6 Rc8 40. Rxa4 Rc4 41. Rxc4 dxc4 42. Qe2 Rd7 43. Bc3 Qd3 44. Qe8 Qd5 45. b6 Rf7 46. Qe3 Qd6+ 47. Be5 Qd3 48. Qc5 Qe4 49. Bg3 Kg6 50. h5+ 1/2-1/2